000 00334nam a2200133Ia 4500
008 100328s9999 xx 000 0 und d
082 _b36089
100 _aपानवलकर श्री.दा.
245 _aसूर्य
260 _bमौज
630 _aसूर्य
730 _aसूर्य
942 _cBOOK
999 _c525823
_d525820